<?xml version="1.0" encoding="UTF-8"?>
<record
    xmlns:xsi="http://www.w3.org/2001/XMLSchema-instance"
    xsi:schemaLocation="http://www.loc.gov/MARC21/slim http://www.loc.gov/standards/marcxml/schema/MARC21slim.xsd"
    xmlns="http://www.loc.gov/MARC21/slim">

  <leader>00395nam a2200133Ia 4500</leader>
  <controlfield tag="008">240719s9999    xx            000 0 und d</controlfield>
  <datafield tag="041" ind1=" " ind2=" ">
    <subfield code="a">eng</subfield>
  </datafield>
  <datafield tag="082" ind1=" " ind2=" ">
    <subfield code="a">813.52 BON</subfield>
  </datafield>
  <datafield tag="100" ind1=" " ind2=" ">
    <subfield code="a">Ruskin Bond</subfield>
  </datafield>
  <datafield tag="245" ind1=" " ind2=" ">
    <subfield code="a">The Golden Years: The Many Joys Of Living A Good Long Life</subfield>
  </datafield>
  <datafield tag="260" ind1=" " ind2=" ">
    <subfield code="a">Haryana</subfield>
    <subfield code="b">Harper Collins India</subfield>
    <subfield code="c">2023</subfield>
  </datafield>
  <datafield tag="300" ind1=" " ind2=" ">
    <subfield code="a">153;. P. 22 Cm</subfield>
  </datafield>
  <datafield tag="520" ind1=" " ind2=" ">
    <subfield code="a">Faculty Purchase By Dr. S. Maheswaran</subfield>
  </datafield>
  <datafield tag="999" ind1=" " ind2=" ">
    <subfield code="c">41420</subfield>
    <subfield code="d">41420</subfield>
  </datafield>
  <datafield tag="952" ind1=" " ind2=" ">
    <subfield code="0">0</subfield>
    <subfield code="1">0</subfield>
    <subfield code="4">0</subfield>
    <subfield code="7">0</subfield>
    <subfield code="a">IMTN</subfield>
    <subfield code="b">IMTN</subfield>
    <subfield code="c">Rack 38-A</subfield>
    <subfield code="d">2023-07-28</subfield>
    <subfield code="g">289.00</subfield>
    <subfield code="l">2</subfield>
    <subfield code="o">813.52 BON</subfield>
    <subfield code="p">33115</subfield>
    <subfield code="r">2026-01-17 18:25:57</subfield>
    <subfield code="s">2026-01-07</subfield>
    <subfield code="w">2023-05-07</subfield>
    <subfield code="y">BK</subfield>
    <subfield code="z">Gifted</subfield>
  </datafield>
</record>
